О проекте реструктуризации российской энергетики; Энергия: экономика, техника, экология; № 6

Бібліографічні деталі
Parent link:Энергия: экономика, техника, экология: научно-популярный и общественно-политический журнал/ Российская академия наук (РАН).— , 1984-.— 0233-3619
№ 6.— 2003.— С. 28-34
Автор: Накоряков В. Е. Владимир Елиферьевич
Мова:Російська
Опубліковано: 2003
Предмети:
Формат: MixedMaterials Частина з книги
KOHA link:https://koha.lib.tpu.ru/cgi-bin/koha/opac-detail.pl?biblionumber=387200

MARC

LEADER 00000naa2a2200000 4500
001 387200
005 20231101063600.0
035 |a (RuTPU)RU\TPU\prd\16705 
090 |a 387200 
100 |a 20030901a2003 k y0rusy50 ca 
101 0 |a rus 
102 |a RU 
200 1 |a О проекте реструктуризации российской энергетики  |f В. Е. Накоряков 
461 1 |0 (RuTPU)RU\TPU\prd\458  |x 0233-3619  |t Энергия: экономика, техника, экология  |o научно-популярный и общественно-политический журнал  |f Российская академия наук (РАН)  |d 1984- 
463 1 |0 (RuTPU)RU\TPU\prd\16383  |t № 6  |v С. 28-34  |d 2003 
610 1 |a энергетика 
610 1 |a Россия 
610 1 |a реструктуризация 
610 1 |a проекты 
700 1 |a Накоряков  |b В. Е.  |c физик  |c директор Института теплофизики СО РАН  |c выпускник ТЭФ Томского политехнического университета 1958 г.  |f 1935-  |g Владимир Елиферьевич  |2 stltpush  |3 (RuTPU)RU\TPU\pers\29240 
801 1 |a RU  |b 63413507  |c 20030901  |g PSBO 
801 2 |a RU  |b 63413507  |c 20151028  |g RCR 
942 |c BK